[Event "KAZ-ch"]
[Site "Pavlodar"]
[Date "2015.05.11"]
[Round "1"]
[White "Utegaliev, Azamat"]
[Black "Dusentegi, Tanat"]
[Result "1-0"]
[WhiteElo "2441"]
[BlackElo "2106"]
[PlyCount "81"]
[EventDate "2015.05.11"]
[EventType "swiss"]
[EventRounds "9"]
[EventCountry "KAZ"]
[SourceTitle "EXT 2016"]
[Source "ChessBase"]
[SourceDate "2015.10.08"]
[SourceVersion "1"]
[SourceVersionDate "2015.10.08"]
[SourceQuality "1"]

1. b4 Nf6 2. Bb2 e6 3. a3 d5 4. e3 Nbd7 5. Nf3 a5 6. b5 c5 7. c4 Be7 8. Nc3 0-0 9. cxd5 exd5 10. d4 c4 11. Qc2 Re8 12. h3 Nb6 13. g4 Bd6 14. Bg2 Bd7 15. a4 Qc8 16. Ne5 Bxe5 17. dxe5 Rxe5 18. Ne2 Re8 19. Bxf6 gxf6 20. Qc3 Qc5 21. Qxf6 Re6 22. Qd4 Rc8 23. 0-0 Qxd4 24. Nxd4 Re5 25. Bf3 Kh8 26. Kh2 Rf8 27. Kg3 Bc8 28. Ne2 f5 29. g5 Rd8 30. Rfd1 Re7 31. h4 Kg7 32. Rd4 h6 33. Nf4 hxg5 34. hxg5 Be6 35. Bd1 Bc8 36. Bc2 Re5 37. Rh1 Rd6 38. Nh5+ Kg6 39. Rdh4 Kf7 40. Nf4 Nd7 41. Rh8 1-0

[Event "Pavlodar op"]
[Site "Pavlodar"]
[Date "2013.12.11"]
[Round "2"]
[White "Obolenskikh, Dmitry Aleksandrovi"]
[Black "Dusentegi, Tanat"]
[Result "1-0"]
[WhiteElo "2495"]
[BlackElo "2201"]
[PlyCount "51"]
[EventDate "2013.12.10"]
[EventType "swiss"]
[EventRounds "10"]
[EventCountry "KAZ"]
[SourceTitle "CBM 158 Extra"]
[Source "ChessBase"]
[SourceDate "2014.02.28"]
[SourceVersion "1"]
[SourceVersionDate "2014.02.28"]
[SourceQuality "1"]

1. e4 e5 2. Nf3 Nc6 3. Bb5 Nf6 4. 0-0 Nxe4 5. d4 Nd6 6. Bxc6 dxc6 7. dxe5 Nf5 8. Qxd8+ Kxd8 9. Nc3 h6 10. Rd1+ Bd7 11. g4 Ne7 12. e6 fxe6 13. Ne5 Nd5 14. Nf7+ Kc8 15. Nxh8 Be8 16. Ne4 Be7 17. b3 Nf6 18. Nxf6 Bxf6 19. Rb1 g5 20. Bb2 Be7 21. Rd3 Bd6 22. Re1 Kd7 23. Rh3 h5 24. gxh5 g4 25. Rh4 Be7 26. Rd1+ 1-0